00515nam a2200169 a 4500008004100000020001800041050001600059100002400075245009600099250001200195260003600207300002200243350000900265650002800274650003100302650001200333150817s2001 ||||||||||||||||| || u a9780130311177 aQP 34.5 Mar aMartini, Frederic H10aFundamentals of anatomy and physiology.(5th ed.)cby Frederic H. Martini and Kathleen Welch a5th ed. aNew JerseybPrentice Hallc2001 aviii, 298p. :ill. a0.07 aHUMAN ANATOMY--TEXTBOOK aHUMAN PHYSIOLOGY--TEXTBOOK 0aBIOLOGY